00547nam a2200205Ia 450000500170000000800460001703700110006304000080007404000080008204000080009004100080009804100080010608400080011410000400012224500780016226000090024030000100024965000120025970000700027120260430150721.0008 250103s9999 xx 000 0 eng d aTheses aCRL beng ceng 2eng aeng qCRL aKirar Vanshika Au.; Singh Vipul Gu. 0aCantonment and the Urban Space: The Marking of Delhi Contonment 1910-1950 c2024 a234p. aHistory aUniversity of Delhi. Faculty of Social Sciences. Deptt.of History